Očovan (pôvodný drevoryt)

Bibliographic Details
Main Author: Treskoň, Ladislav, 1900-1923 (Author)
Format: Article
Language:Slovak
Subjects:

MARC

LEADER 00000nab a22000001a 4500
001 vtls010169517
003 SK-MaSNL
005 20260303092013.0
008 100917d1923 xo |r|p|||| |000 b|slo
015 |a SNBRRBVU1918-1938 
038 |a SNKBUCL 
038 |a SNKBUVU 
040 |a SNKBUVU  |b slo  |c SNKBUCL  |e AACR2 
041 0 |a slo 
044 |a xo  |c SK 
080 |a 761  |2 1997 
100 1 |a Treskoň, Ladislav,  |d 1900-1923  |4 aut 
245 1 0 |a Očovan  |b (pôvodný drevoryt)  |c Ladislav Treskoň 
650 0 7 |a slovenská grafika  |2 MM  |9 31108 
650 0 7 |a drevoryty  |2 MM  |9 3151 
655 7 |a reprodukcie výtvarných diel  |2 MM  |9 310790 
773 0 |t Slovenský svet  |g Roč. 3, č. 43 (1923), s. 6 
852 |a SNK  |b KIS3GCP 
910 |a snkrbvumm 
958 |a VY 
999 |c 1810313  |d 1812243